| 000 | 00530nam a22001817a 4500 | ||
|---|---|---|---|
| 003 | OSt | ||
| 005 | 20260618121449.0 | ||
| 008 | 260618b |||||||| |||| 00| 0 eng d | ||
| 040 | _cChuka University | ||
| 050 |
_aLB 2331 _b. B2 2004 |
||
| 100 |
_aBain Kain _930122 |
||
| 245 | _aWhat do the best teachers in college do | ||
| 260 |
_aLondon _bHarvard University Press _c2004 |
||
| 300 | _a207p. | ||
| 650 |
_aCollege teaching -- United States _930123 |
||
| 650 |
_aEffective reading... United States _930124 |
||
| 942 |
_2lcc _cSL _n0 |
||
| 999 |
_c24750 _d24750 |
||